TRANSFORMATION OF CITIES IN CENTRAL AND EASTERN EUROPE (Record no. 37121)
[ view plain ]
| 000 -LEADER | |
|---|---|
| fixed length control field | 00332nam a22001337a 4500 |
| 008 - FIXED-LENGTH DATA ELEMENTS--GENERAL INFORMATION | |
| fixed length control field | 171101b xxu||||| |||| 00| 0 eng d |
| 020 ## - INTERNATIONAL STANDARD BOOK NUMBER | |
| International Standard Book Number | 9789280811056 |
| 041 ## - LANGUAGE CODE | |
| Language code of text/sound track or separate title | eng |
| 080 ## - UNIVERSAL DECIMAL CLASSIFICATION NUMBER | |
| Universal Decimal Classification number | 339.9 |
| 100 ## - Rafti | |
| Rafti | 59 |
| 101 ## - Shkurtesa | |
| Shkurtesa | GLO |
| 245 ## - TITLE STATEMENT | |
| Title | TRANSFORMATION OF CITIES IN CENTRAL AND EASTERN EUROPE |
| Statement of responsibility, etc | HAMILTON.I |
| 942 ## - ADDED ENTRY ELEMENTS (KOHA) | |
| Source of classification or shelving scheme | |
| Item type | Books |
| Withdrawn status | Lost status | Source of classification or shelving scheme | Damaged status | Not for loan | Collection code | Permanent location | Current location | Shelving location | Date acquired | Total Checkouts | Full call number | Barcode | Date last seen | Price effective from | Koha item type |
|---|---|---|---|---|---|---|---|---|---|---|---|---|---|---|---|
| Koleksioni i përgjithshem | UBT - Lipjan | UBT - Lipjan | Koleksioni i përgjithshem | 11/01/2017 | 339.9 HAM | 002-2935856 | 11/01/2017 | 11/01/2017 | Books | ||||||
| Koleksioni i përgjithshem | UBT - Lipjan | UBT - Lipjan | Koleksioni i përgjithshem | 11/01/2017 | 339.9 HAM | 002-2935861 | 11/01/2017 | 11/01/2017 | Books | ||||||
| Koleksioni i përgjithshem | UBT - Lipjan | UBT - Lipjan | Koleksioni i përgjithshem | 11/01/2017 | 339.9 HAM | 002-2935866 | 11/01/2017 | 11/01/2017 | Books | ||||||
| Koleksioni i përgjithshem | UBT - Lipjan | UBT - Lipjan | Koleksioni i përgjithshem | 11/01/2017 | 339.9 HAM | 002-2935871 | 11/01/2017 | 11/01/2017 | Books |